Winning overseas (Record no. 113102)

MARC details
000 -LEADER
fixed length control field 00886cad a22002175a 4500
001 - CONTROL NUMBER
control field L154681
008 - FIXED-LENGTH DATA ELEMENTS--GENERAL INFORMATION
fixed length control field 120112s2011 xxk f 000 0 eng d
035 ## - SYSTEM CONTROL NUMBER
System control number (Sirsi) u154681
041 0# - LANGUAGE CODE
Language code of text/sound track or separate title eng
110 2# - MAIN ENTRY--CORPORATE NAME
Corporate name or jurisdiction name as entry element Confederation of British Industry
9 (RLIN) 414
245 00 - TITLE STATEMENT
Title Winning overseas
Remainder of title boosting business export performance
Medium [electronic resource]
260 ## - PUBLICATION, DISTRIBUTION, ETC.
Place of publication, distribution, etc. [S.l.]
Name of publisher, distributor, etc. CBI
Date of publication, distribution, etc. 2011
520 ## - SUMMARY, ETC.
Summary, etc. This report discusses the challenges and opportunities facing the UK's export sector and the construction sector is referred to.
590 ## - LOCAL NOTE (RLIN)
Local note KA NTK
651 #4 - SUBJECT ADDED ENTRY--GEOGRAPHIC NAME
Geographic name United Kingdom
Chronological subdivision
651 #4 - SUBJECT ADDED ENTRY--GEOGRAPHIC NAME
Geographic name International
690 ## - LOCAL SUBJECT ADDED ENTRY--TOPICAL TERM (OCLC, RLIN)
Topical term or geographic name as entry element Construction management
9 (RLIN) 6230
710 1# - ADDED ENTRY--CORPORATE NAME
Corporate name or jurisdiction name as entry element Ernst and Young
9 (RLIN) 3056
856 40 - ELECTRONIC LOCATION AND ACCESS
Uniform Resource Identifier <a href="https://www.ey.com/Publication/vwLUAssets/Winning_overseas_-_boosting_business_export_performance/$FILE/EY_Winning_overseas.pdf">https://www.ey.com/Publication/vwLUAssets/Winning_overseas_-_boosting_business_export_performance/$FILE/EY_Winning_overseas.pdf</a>
Public note View the item free of charge at www.ey.com
942 ## - ADDED ENTRY ELEMENTS (KOHA)
Suppress in OPAC 0
Holdings
Withdrawn status Lost status Source of classification or shelving scheme Damaged status Not for loan Home library Current library Shelving location Date acquired Total Checkouts Full call number Barcode Date last seen Copy number Price effective from Koha item type
    Dewey Decimal Classification     Virtual Virtual Online 12/01/2012   ONLINE PUBLICATION 154681-2001 06/08/2019 1 06/08/2019 Book